000 00913cab a2200265 4500
001 ABS50389
008 090401t1994 xxu||||| |||| 00| 0 eng d
035 _a(Sirsi) u75524
041 _aeng
100 _aAkintoye, A.
245 _aDesign and build: a survey of construction contractors` views
260 _c1994
350 _a0
490 _aConstruction Management & Economics
_v12(2) 1994 155-163(9)
520 _aExamines the results of the author`s recent questionnaire sent to 100 construction companies to investigate current thinking on design and build procurement methods.
650 _aDESIGN AND BUILD
650 _aDESIGN AND MANAGE
650 _aDESIGN MANAGE AND CONSTRUCT
650 _aDEVELOP AND CONSTRUCT
650 _aNOVATION DESIGN AND BUILD
650 _aPROCUREMENT METHODS
690 _aBUILT ENVIRONMENT-BUILDING CONTRACT FORMS
942 _n0
948 _c04/03/1997
999 _c47523
_d47523